000 00797nam a2200253 i 4500
001 bgj
100 1 _aMCGAVIGAN, Patrick
245 1 0 _aFirst Certificate :
_breading : teacher's book /
_cPatrick McGavigan and John Reeves.
260 _aHarlow, Essex :
_bLongman,
_c2004.
300 _a35 pp ;
_c29 cm.
490 1 _aLongman Exam Skills
650 9 _aEnglish language
_xExaminations, questions, etc.
650 9 _aEnglish language
_xAssessment tests
650 9 _aEnglish language
_xFirst Certificate tests
650 9 _aEnglish language
_xReading |First Certificate tests
700 1 _aREEVES, John
830 _aLongman Exam Skills
020 _a0582363365
040 _cBPK
041 0 _aeng
920 _a0-582-36336-5
942 _cKS
008 s uk f |000 0 eng
999 _c48770
_d48770